[Event "Sao Paulo op-A U2300 4th"]
[Site "Sao Paulo"]
[Date "2016.03.26"]
[Round "4"]
[White "De Oliveira, Jonathan"]
[Black "De Haro, Martim Alfonso"]
[Result "1-0"]
[WhiteElo "2156"]
[BlackElo "2049"]
[PlyCount "59"]
[EventDate "2016.03.24"]
[EventType "swiss"]
[EventRounds "7"]
[EventCountry "BRA"]
[SourceTitle "CBM 171 Extra"]
[Source "ChessBase"]
[SourceDate "2016.04.26"]
[SourceVersion "1"]
[SourceVersionDate "2016.04.26"]
[SourceQuality "1"]

1. c4 c5 2. Nf3 Nc6 3. d4 cxd4 4. Nxd4 g6 5. g3 Bg7 6. Nb3 Nf6 7. Bg2 0-0 8. 0-0 d6 9. Nc3 Be6 10. c5 d5 11. h3 Qd7 12. Kh2 Rfd8 13. e3 Ne8 14. Nd4 Nc7 15. a3 a5 16. Na4 Ra7 17. b3 f6 18. Nb6 Qe8 19. Nxe6 Nxe6 20. Bxd5 Kh8 21. Qc2 Nc7 22. Bg2 e5 23. Bb2 Ne6 24. Rfd1 Bf8 25. Rxd8 Qxd8 26. Rd1 Qe8 27. Nd7 Be7 28. f4 Ra8 29. fxe5 f5 30. Qc4 1-0

[Event "Sao Paulo op-A U2300 4th"]
[Site "Sao Paulo"]
[Date "2016.03.25"]
[Round "2"]
[White "De Oliveira, Jonathan"]
[Black "Aranha Filho, Alvaro Zimmermann"]
[Result "0-1"]
[WhiteElo "2156"]
[BlackElo "2324"]
[PlyCount "130"]
[EventDate "2016.03.24"]
[EventType "swiss"]
[EventRounds "7"]
[EventCountry "BRA"]
[SourceTitle "CBM 171 Extra"]
[Source "ChessBase"]
[SourceDate "2016.04.26"]
[SourceVersion "1"]
[SourceVersionDate "2016.04.26"]
[SourceQuality "1"]

1. c4 c6 2. Nf3 d5 3. b3 Nf6 4. Bb2 Bg4 5. e3 e6 6. Be2 Nbd7 7. 0-0 Bd6 8. d3 0-0 9. Nbd2 Qe7 10. e4 dxe4 11. dxe4 e5 12. Nh4 Be6 13. Qc2 Ba3 14. Bc3 a5 15. Rad1 Bb4 16. Bb2 Rfd8 17. Ndf3 Bg4 18. h3 Bxf3 19. Nf5 Qf8 20. Bxf3 g6 21. Ne3 Ba3 22. Ba1 Qe7 23. g3 h5 24. Qe2 Nh7 25. Bg2 Bc5 26. Kh2 a4 27. Rd3 axb3 28. axb3 Nhf8 29. Nc2 Ra2 30. Qd1 Rda8 31. Bc3 h4 32. b4 Bb6 33. c5 Bc7 34. Ne3 hxg3+ 35. fxg3 Nf6 36. Qf3 Kg7 37. Nc4 Qe6 38. Nd6 Rc2 39. Rf2 Rxf2 40. Qxf2 Ra2 41. Qe3 Bxd6 42. Rxd6 Qe7 43. Qg5 N8d7 44. h4 Rc2 45. Bd2 Nf8 46. Bh3 N8h7 47. Qe3 Ra2 48. Qd3 Nf8 49. Kg1 Ne8 50. Rd8 Ne6 51. Rd7 Qf6 52. Qb3 Ra1+ 53. Kh2 Qf2+ 54. Bg2 Nd4 55. Qe3 Qxe3 56. Bxe3 Nc2 57. Bd2 Ra2 58. Kh3 Nf6 59. Rxb7 Nd4 60. Bc3 Ne2 61. Bxe5 Ng1+ 62. Kh2 Nf3+ 63. Kh3 Nxe5 64. b5 cxb5 65. Rxb5 Rc2 0-1

[Event "Sao Paulo op-A U2300 4th"]
[Site "Sao Paulo"]
[Date "2016.03.24"]
[Round "1"]
[White "Soares, Joao Carlos TC"]
[Black "De Oliveira, Jonathan"]
[Result "0-1"]
[WhiteElo "1905"]
[BlackElo "2156"]
[PlyCount "74"]
[EventDate "2016.03.24"]
[EventType "swiss"]
[EventRounds "7"]
[EventCountry "BRA"]
[SourceTitle "CBM 171 Extra"]
[Source "ChessBase"]
[SourceDate "2016.04.26"]
[SourceVersion "1"]
[SourceVersionDate "2016.04.26"]
[SourceQuality "1"]

1. e4 e6 2. d4 d5 3. Nd2 Be7 4. Ngf3 Nf6 5. e5 Nfd7 6. Bd3 c5 7. c3 b6 8. Qe2 a5 9. 0-0 Ba6 10. Ne1 Bxd3 11. Qxd3 Nc6 12. Kh1 0-0 13. f4 Qc7 14. a3 f6 15. exf6 Rxf6 16. Ndf3 h6 17. Be3 Bd6 18. Ne5 Bxe5 19. fxe5 Rxf1+ 20. Qxf1 Ne7 21. Nf3 Nf5 22. Bd2 Rf8 23. Qd3 Qd8 24. Qb5 Rf7 25. Qc6 Qe7 26. b4 c4 27. bxa5 bxa5 28. Be1 Nf8 29. a4 g5 30. Bd2 g4 31. Ng1 Qh4 32. Be1 Qg5 33. Rb1 Qe3 34. Qb5 Nxd4 35. cxd4 Rf1 36. Bf2 Rxf2 37. Qxa5 Qe4 0-1